Thực trạng và vấn đề phát triển văn hóa đọc trong học sinh tiểu học (Trường hợp huyện Cần Đước, tỉnh Long An) /

Guardado en:
Detalles Bibliográficos
Autor principal: Nguyễn Hoàng Dung.
Formato: Artículo
Lenguaje:Vietnamese
Materias:
Etiquetas: Agregar Etiqueta
Sin Etiquetas, Sea el primero en etiquetar este registro!
Thư viện lưu trữ: Thư viện Trường Đại học Đà Lạt
LEADER 00875nam a2200253 4500
001 DLU180186247
005 ##20180816
040 # # |a DLU  |b vie 
041 # # |a vie 
044 # # |a vn 
100 # # |a Nguyễn Hoàng Dung. 
245 # # |a Thực trạng và vấn đề phát triển văn hóa đọc trong học sinh tiểu học (Trường hợp huyện Cần Đước, tỉnh Long An) /  |c Nguyễn Hoàng Dung. 
653 # # |a Định hướng 
653 # # |a Học sinh tiểu học 
653 # # |a Văn hóa đọc 
773 # # |t Tạp chí Khoa học xã hội Thành phố Hồ Chí Minh  |g Số 2(210), 2016, tr. 66-72 
920 # # |a Phòng Tạp chí -- Trung tâm Thông tin - Thư viện Trường Đại học Đà Lạt 
900 # # |a True 
911 # # |a Hoàng Thị Huyền 
925 # # |a G 
926 # # |a A 
927 # # |a BB 
980 # # |a Thư viện Trường Đại học Đà Lạt